450 bài tập trắc nghiệm hóa học 11
v.v...
Đã lưu trong:
| Tác giả chính: | |
|---|---|
| Định dạng: | Sách |
| Năm xuất bản: |
H.
Đại học sư phạm
2007
|
| Chủ đề: | |
| Tags: |
Thêm thẻ
Không có thẻ, Hãy là người đầu tiên gắn thẻ bản ghi này!
|
| LEADER | 01404nam a2200229 4500 | ||
|---|---|---|---|
| 082 | |a 540.76 |b L250X | ||
| 100 | |a Lê Xuân Trọng | ||
| 245 | |a 450 bài tập trắc nghiệm hóa học 11 |c Lê Xuân Trọng, Ngô Ngọc An, Từ Ngọc Ánh | ||
| 260 | |a H. |b Đại học sư phạm |c 2007 | ||
| 300 | |a 125tr |c 24cm | ||
| 520 | |a v.v... | ||
| 653 | |a Hóa học | ||
| 653 | |a Lớp 11 | ||
| 653 | |a Trắc nghiệm | ||
| 653 | |a Bài tập | ||
| 942 | |2 ddc |c STK0 | ||
| 999 | |c 7184 |d 7184 | ||
| 952 | |0 0 |1 0 |2 ddc |4 0 |6 540_760000000000000_L250X |7 0 |8 500 |9 66622 |a qbu |b qbu |c D3 |d 2015-01-30 |g 15000 |o 540.76 L250X |p 7086.c1 |r 0000-00-00 |w 2015-01-30 |y STK0 |0 0 |6 540_760000000000000_L250X | ||
| 952 | |0 0 |1 0 |2 ddc |4 0 |6 540_760000000000000_L250X |7 0 |8 500 |9 66623 |a qbu |b qbu |c D3 |d 2015-01-30 |g 15000 |o 540.76 L250X |p 7086.c2 |r 0000-00-00 |w 2015-01-30 |y STK0 |0 0 |6 540_760000000000000_L250X | ||
| 952 | |0 0 |1 0 |2 ddc |4 0 |6 540_760000000000000_L250X |7 0 |8 500 |9 66624 |a qbu |b qbu |c D3 |d 2015-01-30 |g 15000 |o 540.76 L250X |p 7086.c3 |r 0000-00-00 |w 2015-01-30 |y STK0 |0 0 |6 540_760000000000000_L250X | ||
| 952 | |0 0 |1 0 |2 ddc |4 0 |6 540_760000000000000_L250X |7 0 |8 500 |9 66625 |a qbu |b qbu |c D3 |d 2015-01-30 |g 15000 |o 540.76 L250X |p 7086.c4 |r 0000-00-00 |w 2015-01-30 |y STK0 |0 0 |6 540_760000000000000_L250X | ||
| 952 | |0 0 |1 0 |2 ddc |4 0 |6 540_760000000000000_L250X |7 0 |8 500 |9 66626 |a qbu |b qbu |c D3 |d 2015-01-30 |g 15000 |o 540.76 L250X |p 7086.c5 |r 0000-00-00 |w 2015-01-30 |y STK0 |0 0 |6 540_760000000000000_L250X | ||